Science Quiz

Random Science or Animal Quiz
Score 0/10 Timer 02:00
6 Plays Today
% Correct
Black Widow
93.5%
Indian Red Scorpion
92.8%
Indian Cobra
91.6%
Lionfish
82.8%
Pacific Sea Nettle
76%
Gila Monster
66.4%
Honeybee
62.9%
Blue-ringed Octopus
59.3%
Platypus (male)
55.3%
Southern Stingray
49.6%
Remove Ads.
Support Sporcle.
Get the best of Sporcle when you Go Orange. This ad-free experience offers more features, more stats, and more fun while also helping to support Sporcle. Thank you for becoming a member.

You're not logged in!

Compare scores with friends on all Sporcle quizzes.
OR
Log In

Show Comments

Extras

Top Quizzes Today


Score Distribution

Your Account Isn't Verified!

In order to create a playlist on Sporcle, you need to verify the email address you used during registration. Go to your Sporcle Settings to finish the process.

Report this User

Report this user for behavior that violates our Community Guidelines.

Details: